000 00366nam a2200133Ia 4500
008 151001s9999||||xx |||||||||||||| ||und||
100 _aद र कवठेकर
245 _aउमाडलेल्या भावना
250 _a2
260 _bललित साहित्य प्रकाशन
260 _c1966
300 _a240
365 _b7
999 _c954201
_d954198